| 000 | 00574nam a2200205Ia 4500 | ||
|---|---|---|---|
| 005 | 20250508164359.0 | ||
| 008 | 008 250505s9999 xx 000 0 hin d | ||
| 037 | _aTextual | ||
| 040 |
_aFEDL _beng _cFEDL |
||
| 041 |
_ahin _2hin |
||
| 084 |
_a891.431, CHA _qFEDL |
||
| 100 | _aChaturvedi Ram Swaroop | ||
| 245 | 0 | _aAadhunik kavita - yatara | |
| 260 |
_aAllahabad, India _bLokbharti Prakashan _c2005 |
||
| 300 | _axvii,169p | ||
| 365 |
_aINR _b1250 |
||
| 650 | _aHindi literature-Poetry | ||
| 942 |
_cTEXL _h891.431, CHA |
||
| 999 |
_c1388851 _d1388851 |
||